Central Library OPAC University of Rajshahi

Indian journal of pure and applied mathematics. (Record no. 73)

MARC details
000 -LEADER
fixed length control field 01533cas a2200421 a 4500
001 - CONTROL NUMBER
control field 73
003 - CONTROL NUMBER IDENTIFIER
rucl marc code BD-RjUL
005 - DATE AND TIME OF LATEST TRANSACTION
control field 20211208233115.0
008 - FIXED-LENGTH DATA ELEMENTS--GENERAL INFORMATION
fixed length control field 131107c19709999ii a||| 0 a eng
030 ## - CODEN DESIGNATION
CODEN IJMHAU
035 ## - SYSTEM CONTROL NUMBER
System control number (OCoLC)ocm01639468
System control number (BD-RjUL)81
040 ## - CATALOGING SOURCE
Original cataloging agency DLC
Transcribing agency MnMULS
Modifying agency NIC
-- InU
-- N
-- AIP
-- NSDP
-- DLC
-- NST
-- ICRL
-- NST
-- OCoLC
-- DLC
-- OCoLC
-- UKMGB
-- TxCM
-- BD-RjUL
042 ## - AUTHENTICATION CODE
Authentication code nsdp
-- pcc
082 00 - DEWEY DECIMAL CLASSIFICATION NUMBER
Classification number 510
Edition number 19
Author mark and year IJP
245 00 - TITLE STATEMENT
Title Indian journal of pure and applied mathematics.
246 1# - VARYING FORM OF TITLE
Display text Some issues have title:
Title proper/short title Indian journal of pure & applied mathematics
260 ## - PUBLICATION, DISTRIBUTION, ETC. (IMPRINT)
Place of publication, distribution, etc. New Delhi :
Name of publisher, distributor, etc. National Institute of Sciences of India,
Date of publication, distribution, etc. [1970-
300 ## - PHYSICAL DESCRIPTION
Pagination v. ;
Size 25 cm.
321 ## - FORMER PUBLICATION FREQUENCY
Former publication frequency Four issues a year,
Dates of former publication frequency 1970-1972
Former publication frequency Monthly,
Dates of former publication frequency 1973-2005
550 ## - ISSUING BODY NOTE
Issuing body note Vols. for Feb. 1970- published by the Academy under its later name: Indian National Science Academy.
650 #0 - SUBJECT ADDED ENTRY--TOPICAL TERM
Topical term or geographic name as entry element Mathematics
Form subdivision Periodicals.
9 (RLIN) 257
710 2# - ADDED ENTRY--CORPORATE NAME
Corporate name or jurisdiction name as entry element Indian National Science Academy.
9 (RLIN) 259
776 08 - ADDITIONAL PHYSICAL FORM ENTRY
Relationship information Online version:
Title Indian journal of pure and applied mathematics
International Standard Serial Number 0975-7465
Record control number (DLC) 2012263204
-- (OCoLC)613811982
906 ## - LOCAL DATA ELEMENT F, LDF (RLIN)
a 7
b cbc
c serials
d u
e ncip
f 19
g n-oclcserc
942 ## - ADDED ENTRY ELEMENTS (KOHA)
Source of classification or shelving scheme Dewey Decimal Classification
Koha item type Continuing Resources
Holdings
Lost status Source of classification or shelving scheme Damaged status Not for loan Collection code Permanent Location Current Location Shelving location Date acquired Source of acquisition Cost, normal purchase price Total Checkouts Full call number Date last seen Copy number Koha item type
  Dewey Decimal Classification   Not For Loan Non-fiction Central Library, University of Rajshahi Central Library, University of Rajshahi   27/11/2000 Indian National Science Academy 0.00   P 510 IJP V.30 No.1,3-6 1999 07/11/2013 C-1 Continuing Resources